LEADER 03178nam 2200601 450 001 9910460844803321 005 20200520144314.0 010 $a0-520-96074-2 024 7 $a10.1525/9780520960749 035 $a(CKB)3710000000459537 035 $a(EBL)2025602 035 $a(SSID)ssj0001530756 035 $a(PQKBManifestationID)12519431 035 $a(PQKBTitleCode)TC0001530756 035 $a(PQKBWorkID)11532978 035 $a(PQKB)11326229 035 $a(MiAaPQ)EBC2025602 035 $a(OCoLC)917560677 035 $a(MdBmJHUP)muse47194 035 $a(DE-B1597)519811 035 $a(DE-B1597)9780520960749 035 $a(Au-PeEL)EBL2025602 035 $a(CaPaEBR)ebr11085802 035 $a(CaONFJC)MIL819936 035 $a(EXLCZ)993710000000459537 100 $a20150312h20152015 uy| 0 101 0 $aeng 135 $aur|n|---||||| 181 $ctxt 182 $cc 183 $acr 200 00$aHizmet means service $eperspectives on an alternative path within Islam /$fedited by Martin E. Marty 210 1$aOakland, California :$cUniversity of California Press,$d[2015] 210 4$d©2015 215 $a1 online resource (215 p.) 300 $aDescription based upon print version of record. 311 $a0-520-28518-2 311 $a0-520-28517-4 320 $aIncludes bibliographical references. 327 $aHizmet among the three most influential religious movements of late Ottoman and modern Turkish history / Carter Vaughn Findley -- Who is Fethullah Gulen? : an overview of his life / Marcia Hermansen -- The institutions and discourses of Hizmet culture / Jeremy F. Walton -- The role of religion in the Gulen movement / Zeki Saritoprak -- Building bridges : Gulen pontifex / Simon Robinson -- Ethics in the theory and practice of Hizmet / Radhi H. Al-Mabuk -- Gulen as an educator / Tom Gage -- Women and the Hizmet movement / Margaret Rausch -- The Hizmet movement in business, trade and commerce / Phyllis E. Bernard -- The sacred and the secular in the Hizmet movement / Ihsan Yilmaz -- Political implications of the Hizmet movement / Carter Harrington -- Duelling narratives : the Gulenists of the Hizmet movement / R. Scott Appleby. 330 $a"Hizmet Means Service is an examination of the Hizmet movement. Hizmet is named for its focus on service, but it is also often called the Gulen movement, after the Turkish intellectual and inspiration for the movement, Fethullah Gulen, who is known for his contribution to improved interfaith relations. This book studies Hizmet in twelve chapters written by contributors from around the world. This book does not presume that all readers are familiar with Hizmet, but we move beyond mere introductions into scholarly analysis of Fethullah Gulen and the manifestations of this movement"--Provided by publisher. 606 $aIslamic sects$zTurkey 608 $aElectronic books. 615 0$aIslamic sects 676 $a297.6/5 702 $aMarty$b Martin E.$f1928- 801 0$bMiAaPQ 801 1$bMiAaPQ 801 2$bMiAaPQ 906 $aBOOK 912 $a9910460844803321 996 $aHizmet means service$92473007 997 $aUNINA LEADER 03343oam 2200673z 450 001 9910765710803321 005 20230725045409.0 010 $a9781921862526 010 $a1921862521 024 8 $ahttp://doi.org/10.22459/MM.09.2011 035 $a(CKB)3280000000032415 035 $a(ScCtBLL)f436908d-4a8a-4935-9998-98d3760131ed 035 $a(OCoLC)752286557 035 $a(Perlego)2804718 035 $a(EXLCZ)993280000000032415 100 $a20210223d2011uuuu uu| | 101 0 $aeng 135 $aurm|#---||||| 181 $ctxt$2rdacontent 182 $cc$2rdamedia 183 $acr$2rdacarrier 200 10$aWhistling while they work $ea good-practice guide to managing internal reporting of wrongdoing in public sector organisations /$fPeter Roberts, A.J. Brown and Jane Olsen 210 1$aCanberra :$cANU E Press,$d2011. 215 $a1 online resource (126 pages) 311 08$aPrint version: Roberts, Peter. Whistling while they work. Acton, A.C.T. : ANU E Press, 2011 9781921862304 (OCoLC)758972801 330 $aThis book tells the story of Michi, one of 650 Japanese war brides who arrived in Australia in the early 1950s. The women met Australian servicemen in post-war Japan and decided to migrate to Australia as wives and fiancées to start a new life. In 1953, when Michi reached Sydney Harbour by boat with her two Japanese-born children, she knew only one person in Australia: her husband. She did not know any English so she quickly learned her first English phrase, "I like Australia", in the car on the way from the harbour to meet her Australian family. In the last fifty years, she brought up seven children while the family moved from one part of Australia to another. Now, in her eighties, she leads a peaceful life in Adelaide, but remains active in many ways. Her voice is full of life and she looks and sounds much younger than her age. 606 $aWhistle blowing$zAustralia 606 $aWhistle blowing$xEmployees 606 $aWhistle blowing$xManagement 606 $aWhistle blowing$xLaw and legislation$zAustralia 606 $aDisclosure of information 606 $aPublic administration 606 $aPublic interest law$zAustralia 606 $aDisclosure of information$2fast$3(OCoLC)fst00894870 606 $aPublic administration$2fast$3(OCoLC)fst01081976 606 $aPublic interest law$2fast$3(OCoLC)fst01082542 606 $aWhistle blowing$2fast$3(OCoLC)fst01174586 606 $aWhistle blowing$xLaw and legislation$2fast$3(OCoLC)fst01174587 608 $aBiographies.$2lcgft 615 0$aWhistle blowing 615 0$aWhistle blowing$xEmployees. 615 0$aWhistle blowing$xManagement. 615 0$aWhistle blowing$xLaw and legislation 615 0$aDisclosure of information. 615 0$aPublic administration. 615 0$aPublic interest law 615 7$aDisclosure of information. 615 7$aPublic administration. 615 7$aPublic interest law. 615 7$aWhistle blowing. 615 7$aWhistle blowing$xLaw and legislation. 700 $aRoberts$b Peter$089640 701 $aOlsen$b Jane$01452498 701 $aBrown$b A. J$g(Alexander Jonathan)$01452499 801 2$bUkMaJRU 906 $aBOOK 912 $a9910765710803321 996 $aWhistling while they work$93654115 997 $aUNINA